000 00726nam a2200205Ia 4500
005 20220218100124.0
008 210716s2014 xx 000 0 und d
020 _a9780070264847
040 _cAIMIT LIBRARY
041 _aeng
082 _a658.8102
_21
_bWILG
100 _aWilliams, Glynn C.
_920712
245 _aImplementing sap erp sales and distribution /
_cBy Glynn C. Williams.
250 _a1st ed.
260 _aNew Delhi :
_bTata McGraw Hill Publishing Company Ltd ,
_c2014.
300 _aXiv, 513p. ;
_c24 cm.
650 _aCredit management receivanle risk management blocks and calendars
_920713
650 _aAvailable to promise and transfer of requirements
_920714
942 _2ddc
_cBK
_e1st
_k658.8102 WILG
999 _c209230
_d209230